00586 2200193 4500001002100000005001700021008004100038035002400079082000800103090001800111110004100129245010100170260004500271300001700316650002300333850001500356985000600371999001500377YOGYA-0209000002785220090227024159.0 ind  0010-020900000027852 a040 a040bInd AlT aINDONESIAN Presiden 91967- :Suharto) aAmanat Presiden pada upacara penyerahan daftar Isian Proyek Pembangunan Nasional..cPresiden R.I aJakartabDepartemen Penerangan R.Ic1984 a6 hlmc21 cm aPidato Presiden RI aYOPDYOG(B) a1 aa000062606